Libro para el maestro : español :

Guardado en:
Detalles Bibliográficos
Autor Corporativo: México. Comisión Nacional de los Libros de Texto Gratuitos.
Otros Autores: Gómez Palacio Muñoz, Margarita.
Formato: Libro
Lenguaje:español
Publicado: México : SEP. Comisión Nacional de los Libros de Texto Gratuitos, 2000.
Catálogo:MANES:  Resultados de Búsqueda del Catálogo
Clasificación de libros de texto:
Colección:Libro de texto gratuito.
Etiquetas: Agregar Etiqueta
Sin Etiquetas, Sea el primero en etiquetar este registro!
Añadido a:2005-11-16
Cambiado en:2025-05-08

MARC

LEADER 00000cam a2200000 a 4500
003 OSt
005 20250508092021.0
008 051117n2000 mx f 000 0 spa u
020 |a 9701842294 (Obra general)  |a 9701842324 
040 |a CINV  |c CINV 
050 0 4 |a LTG LB1577  |b M49lm 3º 2000 
110 2 |a México.  |b Comisión Nacional de los Libros de Texto Gratuitos.  |9 24682 
245 1 0 |a Libro para el maestro :  |b español :  |b tercer grado /  |c Margarita Gómez Palacio Muñoz...[et al.]. 
260 |a México :  |b SEP. Comisión Nacional de los Libros de Texto Gratuitos,  |c 2000. 
300 |a 239 p. :  |b il., ;   |c 27 cm. 
440 |a Libro de texto gratuito.  |9 21882 
500 |a Ciclo escolar 2002-2003 
546 |a México 
561 |5 mx-CINVES  |a México. DIE-Cinvestav (Ciudad de México)  |k MANES 
690 0 |a EyL 
691 0 |a PRI 
700 1 |a Gómez Palacio Muñoz, Margarita.  |9 23745 
910 |a E-35089  |a E-35090(ej.2) 
942 |2 lcc  |c BK 
999 |c 54530  |d 54530 
999 |c manes:54530  |d 54530